Comparison of dragon fruit production system of preynup's farm in preynup district,preah sihanouk province and chila's farm in banteay srey district, siem reap province ប្រៀបធៀបប្រព័ន្ធផលិតកម្មដំណាំស្រកានាគកសិដ្ឋានព្រៃនប់ នៅស្រុកព្រៃនប់ ខេត្តព្រះសីហនុ និងកសិដ្ឋានជីឡា នៅស្រុកបន្ទាយស្រី ខេត្តសៀមរាប (Record no. 1003)
[ view plain ]
| 000 -LEADER | |
|---|---|
| fixed length control field | 00865nam a22001457a 4500 |
| 003 - CONTROL NUMBER IDENTIFIER | |
| control field | OSt |
| 005 - DATE AND TIME OF LATEST TRANSACTION | |
| control field | 20150921163730.0 |
| 008 - FIXED-LENGTH DATA ELEMENTS--GENERAL INFORMATION | |
| fixed length control field | 150921b xxu||||| |||| 00| 0 eng d |
| 040 ## - CATALOGING SOURCE | |
| Transcribing agency | AGR |
| 082 ## - DEWEY DECIMAL CLASSIFICATION NUMBER | |
| Classification number | AGR SAN 2009 B039 Or.1 |
| 100 ## - MAIN ENTRY--PERSONAL NAME | |
| 9 (RLIN) | 1040 |
| Personal name | SANN SEL |
| 245 ## - TITLE STATEMENT | |
| Title | Comparison of dragon fruit production system of preynup's farm in preynup district,preah sihanouk province and chila's farm in banteay srey district, siem reap province ប្រៀបធៀបប្រព័ន្ធផលិតកម្មដំណាំស្រកានាគកសិដ្ឋានព្រៃនប់ នៅស្រុកព្រៃនប់ ខេត្តព្រះសីហនុ និងកសិដ្ឋានជីឡា នៅស្រុកបន្ទាយស្រី ខេត្តសៀមរាប |
| 260 ## - PUBLICATION, DISTRIBUTION, ETC. (IMPRINT) | |
| Place of publication, distribution, etc. | Phnom penh |
| Name of publisher, distributor, etc. | AGR |
| Date of publication, distribution, etc. | 2009 |
| 942 ## - ADDED ENTRY ELEMENTS (KOHA) | |
| Source of classification or shelving scheme | |
| Koha item type | AGR |
| Price effective from | Date last seen | Permanent Location | Not for loan | Date acquired | Date last checked out | Source of classification or shelving scheme | Koha item type | Total Checkouts | Barcode | Lost status | Damaged status | Withdrawn status | Current Location | Full call number |
|---|---|---|---|---|---|---|---|---|---|---|---|---|---|---|
| 2015-09-21 | 2019-09-13 | Library Block B | 2015-09-21 | 2019-07-30 | AGR | 1 | RUA000767 | Library Block B | AGR SAN 2009 B039 Or.1 | |||||
| 2015-09-21 | 2015-09-21 | Library Block B | 2015-09-21 | AGR | RUA000407 | Library Block B | AGR SAN 2009 B039 Or.2 | |||||||
| 2015-09-21 | 2019-01-08 | Library Block B | 2015-09-21 | 2018-12-21 | AGR | 3 | RUA000839 | Library Block B | AGR SAN 2009 B039 Or.3 | |||||
| 2015-09-21 | 2017-01-27 | Library Block B | 2015-09-21 | 2017-01-13 | AGR | 1 | RUA000624 | Library Block B | AGR SAN 2009 B039 Or.4 | |||||
| 2015-09-21 | 2023-12-05 | Library Block B | 2015-09-21 | 2023-11-08 | AGR | 2 | RUA000838 | Library Block B | AGR SAN 2009 B039 Or.5 | |||||
| 2015-09-21 | 2018-08-07 | Library Block B | 2015-09-21 | 2018-07-27 | AGR | 5 | RUA000694 | Library Block B | AGR SAN 2009 B039 Or.6 | |||||
| 2015-09-21 | 2019-02-26 | Library Block B | 2015-09-21 | 2019-02-11 | AGR | 4 | RUA000622 | Library Block B | AGR SAN 2009 B039 Or.7 | |||||
| 2015-09-21 | 2016-06-25 | Library Block B | 2015-09-21 | 2016-06-11 | AGR | 1 | RUA000695 | Library Block B | AGR SAN 2009 B039 Or.8 | |||||
| 2015-09-21 | 2015-09-21 | Library Block B | 2015-09-21 | AGR | RUA000152 | Library Block B | AGR SAN 2009 B039 Or.9 |